<?xml version="1.0" encoding="UTF-8"?>
<marc:record xmlns:marc="http://www.loc.gov/MARC21/slim">
   <marc:leader>00000nam a2200000 a 4500</marc:leader>
   <marc:datafield ind1="1" ind2=" " tag="100">
      <marc:subfield code="a">Pease, Allan &amp; Barbara</marc:subfield>
      <marc:subfield code="4">aut</marc:subfield>
      <marc:subfield code="e">Verfasser/-in</marc:subfield>
   </marc:datafield>
   <marc:datafield ind1=" " ind2=" " tag="653">
      <marc:subfield code="a">Persönlichkeitspsychologie</marc:subfield>
   </marc:datafield>
   <marc:datafield ind1="0" ind2="0" tag="245">
      <marc:subfield code="a">Die kalte Schulter und der warme Händedruck</marc:subfield>
   </marc:datafield>
   <marc:datafield ind1="0" ind2="0" tag="245">
      <marc:subfield code="b">Ganz natürliche Erklärungen für die geheime Sprache unserer Körper</marc:subfield>
   </marc:datafield>
   <marc:datafield ind1="0" ind2="0" tag="245">
      <marc:subfield code="c">Allan &amp; Barbara Pease</marc:subfield>
   </marc:datafield>
   <marc:datafield ind1=" " ind2="1" tag="264">
      <marc:subfield code="a">Berlin</marc:subfield>
      <marc:subfield code="b">Ullstein</marc:subfield>
      <marc:subfield code="c">2004</marc:subfield>
   </marc:datafield>
   <marc:datafield ind1="1" ind2=" " tag="520">
      <marc:subfield code="a">Die Bestsellerautoren Allan und Barbara Pease entschlüsseln die geheimen Botschaften der Körpersprache. Was verraten meine Gesten über mich? Wie kann ich die unterbewussten körperlichen Signale meiner Mitmenschen entschlüsseln? Wie bereits in ihren anderen Veröffentlichungen schildern die Autoren auch hier detail- und kenntnisreich die Ausprägungen und Bedeutungen körpersprachlicher Signale. Allerdings beschränken sie sich nicht mehr nur auf den aktuellen Stand in der anglo-amerikanischen Welt, sondern sehen - Stammesgesellschaften ausgenommen - sich auch die Gesten in anderen Kulturen an. Historische Rückgriffe erläutern die Entstehungsgeschichten mancher Gesten oder illustrieren die allgemeine Verständlichkeit bestimmter Posen (z.B. die berühmte napoleonische Haltung). Neben den Beschreibungen finden sich Hinweise für eine angemessene Körpersprache in verschiedenen Situationen, z.B. am Arbeitsplatz allgemein oder aber speziell in Besprechungen. Ein kleiner Test mit Strichfiguren soll helfen, die jeweils 5 wichtigsten Signale der dargestellten Personen zu erkennen. Ganz interessante Ergänzung für Personen, die sich gerne auch durch dickere Bücher arbeiten.</marc:subfield>
   </marc:datafield>
   <marc:datafield ind1=" " ind2=" " tag="020">
      <marc:subfield code="a">355076045</marc:subfield>
      <marc:subfield code="9">355076045</marc:subfield>
   </marc:datafield>
   <marc:datafield ind1=" " ind2=" " tag="041">
      <marc:subfield code="a">ger</marc:subfield>
   </marc:datafield>
   <marc:datafield ind1=" " ind2=" " tag="338">
      <marc:subfield code="a">Band</marc:subfield>
   </marc:datafield>
   <marc:datafield ind1=" " ind2=" " tag="300">
      <marc:subfield code="a">365 S.</marc:subfield>
   </marc:datafield>
</marc:record>
